Prathamā-śabda-dhāturūpasaṅgrahaḥ. (Record no. 67667)

MARC details
000 -LEADER
fixed length control field 00633cam a22002291 4500
001 - CONTROL NUMBER
control field sa 66001254
003 - CONTROL NUMBER IDENTIFIER
control field DLC
005 - DATE AND TIME OF LATEST TRANSACTION
control field 20260227112220.0
008 - FIXED-LENGTH DATA ELEMENTS--GENERAL INFORMATION
fixed length control field 900207s1964 ii 000 0 sano
010 ## - LIBRARY OF CONGRESS CONTROL NUMBER
LC control number sa 66001254
035 ## - SYSTEM CONTROL NUMBER
System control number (OCoLC)21016304
040 ## - CATALOGING SOURCE
Original cataloging agency DLC
Transcribing agency WaU
Modifying agency DLC
042 ## - AUTHENTICATION CODE
Authentication code premarc
050 00 - LIBRARY OF CONGRESS CALL NUMBER
Classification number PK701
Item number .J5
100 1# - MAIN ENTRY--PERSONAL NAME
Personal name Jhā, Rāmacandra.
245 10 - TITLE STATEMENT
Title Prathamā-śabda-dhāturūpasaṅgrahaḥ.
260 ## - PUBLICATION, DISTRIBUTION, ETC.
Place of publication, distribution, etc. Varanasi,
Name of publisher, distributor, etc. Chowkhamba Vidyabhawan,
Date of publication, distribution, etc. 1964.
300 ## - PHYSICAL DESCRIPTION
Extent 38 p.
Dimensions 19 cm.
440 #0 - SERIES STATEMENT/ADDED ENTRY--TITLE
Title Vidyabhawan Sanskrit granthamala,
Volume/sequential designation 115
500 ## - GENERAL NOTE
General note In Sanskrit.
650 #0 - SUBJECT ADDED ENTRY--TOPICAL TERM
Topical term or geographic name entry element Sanskrit language
General subdivision Inflection.

No items available.

Powered by Koha